Loading...
Thought - Philosophy | 2 | 2 | 0 | 0 | 50 | 48 | 76.25 | 2 | 4 |
Other - Geo/CE | 1 | 2 | 0 | 0 | 35 | 62 | 90.00 | 1 | 2 |
Other - Pop Culture | 0 | 3 | 0 | 1 | 30 | 69 | 103.33 | 2 | 3 |
Arts - Other Arts | 0 | 2 | 0 | 1 | 20 | 130 | 133.50 | 0 | 2 |
Other - Other Academic | 0 | 2 | 0 | 0 | 20 | 89 | 90.50 | 0 | 2 |
History - World History | 1 | 0 | 0 | 0 | 15 | 86 | 86.00 | 0 | 0 |
Literature - American Lit | 0 | 1 | 0 | 0 | 10 | 129 | 129.00 | 0 | 1 |
Literature - British Lit | 0 | 1 | 0 | 0 | 10 | 82 | 82.00 | 1 | 1 |
Literature - Euro Lit | 0 | 1 | 0 | 0 | 10 | 88 | 88.00 | 1 | 1 |
History - Euro History | 0 | 1 | 0 | 0 | 10 | 81 | 81.00 | 0 | 1 |
Arts - Painting | 1 | 0 | 1 | 0 | 10 | 49 | 49.00 | 1 | 1 |
History - Other History | 0 | 1 | 0 | 0 | 10 | 94 | 94.00 | 0 | 1 |
Beliefs - Religion | 0 | 0 | 1 | 0 | -5 | 0.00 | 0 | 0 |